[Event "35th Cannes FIJ Open 2022"]
[Site "Cannes"]
[Date "2022.02.24"]
[Round "6.6"]
[White "Valsecchi, Alessio"]
[Black "Razafindratsima, Timothe"]
[Result "1/2-1/2"]
[WhiteElo "2524"]
[BlackElo "2386"]
[Annotator "RC"]
[PlyCount "107"]
[EventDate "2022.02.21"]
[EventType "swiss"]
[EventCountry "FRA"]
[SourceTitle "playchess.com"]
[Source "ChessBase"]
[SourceQuality "1"]
[TimeControl "40/5400+30:1800+30"]

1. e4 {[%emt 0:00:04]} c5 {[%emt 0:08:19]} 2. Nf3 {[%emt 0:00:09]} d6 {[%emt 0:00:14]} 3. Bc4 {[%emt 0:00:54]} Nf6 {[%emt 0:00:41]} 4. e5 {[%emt 0:00:18]} dxe5 {[%emt 0:00:25]} 5. Nxe5 {[%emt 0:00:07]} e6 {[%emt 0:00:17]} 6. Qe2 {[%emt 0:00:17]} Bd6 {[%emt 0:00:41]} 7. b3 {[%emt 0:00:18]} a6 {[%emt 0:10:41]} 8. a4 O-O {[%emt 0:00:25]} 9. Bb2 {[%emt 0:00:13]} Nbd7 {[%emt 0:02:48]} 10. f4 {[%emt 0:00:20]} Nd5 {[%emt 0:02:11]} 11. O-O {[%emt 0:00:50]} Qc7 {[%emt 0:04:12]} 12. Nxd7 {[%emt 0:18:21]} Bxd7 {[%emt 0:01:11]} 13. Qg4 {[%emt 0:19:03]} f6 {[%emt 0:01:01]} 14. Nc3 {[%emt 0:17:13]} Bxf4 {[%emt 0:11:04]} 15. Nxd5 {[%emt 0:01:18]} Bxh2+ {[%emt 0:00:22]} 16. Kh1 {[%emt 0:01:11]} exd5 {[%emt 0:01:15]} 17. Bxd5+ {[%emt 0:00:30]} Kh8 {[%emt 0:00:06]} 18. Qh5 {[%emt 0:01:56]} Bf4 {[%emt 0:18:27]} 19. Rae1 {[%emt 0:04:38]} Qd6 {[%emt 0:04:54]} 20. Bxb7 {[%emt 0:06:16]} Rab8 {[%emt 0:01:28]} 21. Bxa6 {[%emt 0:03:57]} Bxd2 {[%emt 0:03:11]} 22. Bd3 {[%emt 0:02:22]} Bh6 {[%emt 0:01:50]} 23. Rd1 {[%emt 0:01:20]} Be8 {[%emt 0:04:43]} 24. Bc4 {[%emt 0:01:29]} Qg3 {[%emt 0:02:36]} 25. Be5 {[%emt 0:03:53]} Bxh5 {[%emt 0:04:30]} 26. Bxg3 {[%emt 0:00:11]} Bxd1 {[%emt 0:00:11]} 27. Bxb8 {[%emt 0:00:06]} Bxc2 {[%emt 0:00:25]} 28. Bd6 {[%emt 0:00:08]} Rd8 {[%emt 0:05:25]} 29. Re1 {[%emt 0:02:52]} f5 {[%emt 0:05:12]} 30. Bc7 {[%emt 0:07:00]} Rc8 {[%emt 0:01:31]} 31. a5 {[%emt 0:00:46]} Be4 {[%emt 0:00:44]} 32. Rd1 {[%emt 0:01:05]} Bg5 {[%emt 0:00:39]} 33. Be5 {[%emt 0:01:33]} Rd8 {[%emt 0:00:32]} 34. Rxd8+ {[%emt 0:01:21]} Bxd8 {[%emt 0:00:02]} 35. a6 {[%emt 0:00:07]} Bb6 {[%emt 0:00:42]} 36. Bb8 {[%emt 0:00:09]} h6 {[%emt 0:01:14]} 37. Be2 {[%emt 0:00:24]} Bd5 {[%emt 0:00:26]} 38. Bc4 {[%emt 0:04:00]} Be4 {[%emt 0:01:08]} 39. Be2 {[%emt 0:01:34]} Bd5 {[%emt 0:00:26]} 40. a7 {[%emt 0:00:11]} Bxa7 {[%emt 0:00:21]} 41. Bxa7 {[%emt 0:30:07]} Bxb3 {[%emt 0:30:04]} 42. Bxc5 {[%emt 0:00:05]} Bc2 {[%emt 0:00:36]} 43. Kg1 {[%emt 0:01:54]} Kh7 {[%emt 0:04:17]} 44. Kf2 {[%emt 0:00:00]} f4 {[%emt 0:00:00]} 45. Bb5 {[%emt 0:00:00]} Be4 {[%emt 0:00:00]} 46. Be8 {[%emt 0:00:00]} g5 {[%emt 0:00:00]} 47. Bd6 {[%emt 0:00:00]} Bd5 {[%emt 0:00:00]} 48. Be5 {[%emt 0:00:00]} Be4 {[%emt 0:00:00]} 49. Bf7 {[%emt 0:00:00]} Bc6 {[%emt 0:00:00]} 50. Bh5 {[%emt 0:00:00]} Be4 {[%emt 0:00:00]} 51. Bf3 {[%emt 0:00:00]} Bxf3 {[%emt 0:00:00]} 52. Kxf3 {[%emt 0:00:00]} Kg6 {[%emt 0:00:00]} 53. Ke4 {[%emt 0:00:00]} h5 {[%emt 0:00:00]} 54. Bd4 {[%emt 0:00:00]} 1/2-1/2

[Event "35th Cannes FIJ Open 2022"]
[Site "Cannes"]
[Date "2022.02.24"]
[Round "6.7"]
[White "Bellahcene, Bilel"]
[Black "Klimkowski, Jan"]
[Result "1/2-1/2"]
[WhiteElo "2509"]
[BlackElo "2350"]
[Annotator "TA"]
[PlyCount "66"]
[EventDate "2022.02.21"]
[EventType "swiss"]
[EventCountry "FRA"]
[SourceTitle "playchess.com"]
[Source "ChessBase"]
[SourceQuality "1"]

{[%evp 12,66,10,6,8,8,12,11,4,3,5,5,5,12,0,-2,0,4,25,12,22,-20,23,10,34,21,164,80,89,76,70,64,79,88,126,118,116,116,122,124,154,140,297,97,297,-140,-140,-215,0,0,0,0,367,0,0,0,370]} 1. e4 e5 2. Nf3 Nc6 3. Bb5 {[%cal Bf1b5,Bb5a4,Ba4b3,Bb3d5][%mdl 32]} a6 4. Ba4 Nf6 5. Nc3 b5 6. Bb3 Bc5 7. d3 d6 {C77: Ruy Lopez: 3...a6 4 Ba4 Nf6, unusual lines.} 8. Nd5 h6 {Prevents Bg5.} 9. c3 O-O 10. Nxf6+ Qxf6 11. Bd5 Bd7 12. Rg1 h5 $1 13. Bg5 Qg6 14. Qd2 {[#]} Qh7 $146 ({Predecessor:} 14... Rab8 15. b4 Bb6 16. Nh4 Qh7 17. Nf5 Bxf5 18. exf5 Nd8 19. f6 c6 20. Be4 g6 {½-½ (36) Stijve,T (2247)-Ochsner,B (2455) Boeblingen 2017}) 15. h3 Rae8 16. Nh4 (16. g4 $142) 16... Nd8 (16... b4 $142) 17. g4 $11 hxg4 (17... Ne6 $5 {[%cal Rh5g4]}) 18. hxg4 Be6 (18... Ne6 $11 19. Nf5 Qh2) 19. Nf5 (19. Bxd8 $18 {[%cal Oh4f5] Black must now prevent Nf5!} Rxd8 20. Nf5) 19... f6 $16 20. Be3 {White is more active.} Bxd5 21. exd5 {d4 is the strong threat.} Qh2 22. Ke2 $1 {[%cal Be1e2,Be2f1,Bf1g2,Bg2f2,Bf2f3][%mdl 32]} Bxe3 23. Qxe3 {And now Rh1 would win.} Qf4 24. Qh3 $1 {aiming for Rh1.} e4 25. Rh1 {Threatening mate with Qh7+.} exd3+ 26. Kf1 Re2 $2 (26... Kf7 $2 27. Qh5+ Kg8 28. Qh8+ Kf7 29. Qxg7#) (26... Qg5 $16) 27. Rh2 $2 (27. Qh7+ $18 {has better winning chances.} Kf7 28. Qh5+ Kg8 29. Rh2) 27... Qg5 $2 (27... Kf7 $2 28. Qh5+ g6 29. Qh7+ Ke8 30. Ng7+ Kd7 31. Ne6+ Rf7 32. Nxf4 $18) (27... Qc4 $16) 28. Rd1 $2 {[#]} ({Stronger than} 28. Qxd3 Rfe8 $11) (28. Qh7+ $1 $18 Kf7 29. Nxg7 $1 Qxg7 30. Qxd3 Rxb2 31. Rh7) 28... Rfe8 $1 $17 {[%cal Oe2e1] Hoping for ...Re1+!} ({Much less strong is} 28... Kf7 29. Qxd3 Re5 30. Rh7 $16) 29. Rxd3 {[#]} (29. Qxd3 $17 Rxb2 30. Qg3 (30. Qh3 $2 Nf7 $19)) 29... Qc1+ $2 ({Not} 29... Kf7 30. Qh5+ Qxh5 31. Rxh5 $14) (29... Nf7 $1 $19 {( -> ...Qc1+)} 30. Qh7+ Kf8) 30. Kg2 $11 {White wants to mate with Qh7+.} Rxf2+ $1 31. Kxf2 {The board is on fire.} Qe1+ $2 {[%mdl 8192]} (31... Qc2+ $11 32. Kf1 Qc1+ 33. Kg2 Qc2+ 34. Kf1 Qc1+ 35. Kg2 Qc2+ 36. Kf1) 32. Kf3 Qe4+ 33. Kf2 {Intending Qh7+ and mate.} Qe1+ {[%mdl 32768] Weighted Error Value: White=0.57/Black=0.51. An unexpected result.} 1/2-1/2

[Event "35th Cannes FIJ Open 2022"]
[Site "Cannes"]
[Date "2022.02.24"]
[Round "6.8"]
[White "Eugene, Floryan"]
[Black "Dimitrov, Radoslav"]
[Result "0-1"]
[WhiteElo "2404"]
[BlackElo "2487"]
[Annotator "RC"]
[PlyCount "56"]
[EventDate "2022.02.21"]
[EventType "swiss"]
[EventCountry "FRA"]
[SourceTitle "playchess.com"]
[Source "ChessBase"]
[SourceQuality "1"]
[TimeControl "40/5400+30:1800+30"]

1. e4 {[%emt 0:00:02]} c6 {[%emt 0:13:43]} 2. d4 {[%emt 0:00:30]} d5 {[%emt 0:00:04]} 3. Nd2 {[%emt 0:03:48]} dxe4 {[%emt 0:00:10]} 4. Nxe4 {[%emt 0:00:06]} Nd7 {[%emt 0:00:05]} 5. Bd3 {[%emt 0:01:16]} Ndf6 {[%emt 0:00:39]} 6. Ng5 {[%emt 0:02:33]} e6 {[%emt 0:06:08]} 7. N1f3 {[%emt 0:06:59]} Bd6 {[%emt 0:00:02]} 8. O-O {[%emt 0:00:24]} h6 {[%emt 0:00:16]} 9. Nxf7 {[%emt 0:04:12]} Kxf7 {[%emt 0:00:03]} 10. Ne5+ {[%emt 0:00:06]} Bxe5 {[%emt 0:00:46]} 11. dxe5 {[%emt 0:00:05]} Nd7 {[%emt 0:03:46]} 12. Qh5+ {[%emt 0:16:12]} Kf8 {[%emt 0:00:36]} 13. Qf3+ {[%emt 0:00:15]} Ke7 {[%emt 0:00:22]} 14. Qg3 {[%emt 0:00:11]} Qf8 {[%emt 0:02:39]} 15. f4 {[%emt 0:10:18]} Nc5 {[%emt 0:22:52]} 16. Bg6 {[%emt 0:05:21]} Kd8 {[%emt 0:00:01]} 17. Be3 {[%emt 0:07:40]} Kc7 {[%emt 0:08:04]} 18. Qf2 {[%emt 0:14:16]} b6 {[%emt 0:01:02]} 19. a4 {[%emt 0:07:33]} Ne7 {[%emt 0:01:33]} 20. a5 {[%emt 0:00:24]} Ba6 {[%emt 0:00:30]} 21. b4 {[%emt 0:01:31]} Bxf1 {[%emt 0:00:49]} 22. bxc5 {[%emt 0:03:07]} b5 {[%emt 0:00:14]} 23. Qxf1 {[%emt 0:01:10]} Nxg6 {[%emt 0:00:03]} 24. Qd3 {[%emt 0:00:28]} Nh4 {[%emt 0:00:06]} 25. c4 {[%emt 0:00:25]} Rd8 {[%emt 0:00:27]} 26. Qc3 {[%emt 0:00:06]} Qf5 {[%emt 0:00:50]} 27. cxb5 {[%emt 0:00:10]} Qe4 {[%emt 0:01:18]} 28. b6+ {[%emt 0:00:05]} Kc8 {[%emt 0:00:09]} 0-1

[Event "35th Cannes FIJ Open 2022"]
[Site "Cannes"]
[Date "2022.02.25"]
[Round "7.1"]
[White "Nihal Sarin"]
[Black "Godena, Michele"]
[Result "1/2-1/2"]
[WhiteElo "2656"]
[BlackElo "2442"]
[Annotator "TA"]
[PlyCount "92"]
[EventDate "2022.02.21"]
[EventType "swiss"]
[EventCountry "FRA"]
[SourceTitle "playchess.com"]
[Source "ChessBase"]
[SourceQuality "1"]

{[%evp 17,92,12,10,15,20,0,0,0,0,0,35,52,47,54,60,66,79,76,69,67,81,74,81,70,71,38,61,39,51,44,35,39,35,26,36,33,32,28,31,43,30,17,20,16,18,14,33,18,17,16,17,10,17,18,18,21,15,18,58,57,58,55,62,12,12,12,12,12,12,12,12,12,12,12,16,12,12]} 1. e4 e5 2. Nf3 Nc6 3. Bc4 Bc5 4. c3 Nf6 5. d4 exd4 6. e5 d5 7. Bb5 Ne4 8. cxd4 Bb6 9. Nc3 {[%cal Bb1c3,Bc3e2,Be2f4,Bf4d3][%mdl 32]} O-O 10. Be3 {C54: Giuoco Piano: 4 c3 Nf6, main lines with 5 d4 and 5 d3.} Bd7 11. Bxc6 Bxc6 12. O-O {[#]} Qd7 $146 ({Predecessor:} 12... Nxc3 13. bxc3 Bd7 14. h3 c6 15. Qd2 Bc7 16. Rae1 Qe7 17. Nh2 Bf5 18. Bg5 Qd7 {½-½ (57) Kaczmarek,R (2163)-Selle,U (2093) ICCF email 2020}) 13. a4 {[#] Hoping for a5.} Ba5 14. Ne2 f6 15. Nf4 Bb4 16. Nd3 Be7 17. b4 {[%cal Bb2b4,Bb4b5][%mdl 32] [#] b5 is the strong threat.} a6 {Prevents b5.} 18. Qb3 {To avoid Nc3} Kh8 19. Rfc1 Rac8 20. Rc2 Qe8 21. Rb2 b6 22. b5 Bb7 23. Nf4 fxe5 24. Nxe5 {And now bxa6 would win.} Bd6 25. Nfd3 {Pair of Knights!} Ra8 {[%cal Bc8a8,Ba8a6,Ba6b6][%mdl 32]} 26. Rba2 Bxe5 27. Nxe5 Nd6 {[%cal Ra6b5]} 28. bxa6 Rxa6 {[%cal Od6c4]} 29. a5 Nc4 $1 30. axb6 Rxb6 31. Qa4 Bc6 32. Qc2 Nxe5 33. dxe5 Rb4 34. Qd2 Rg4 {[%cal Od5d4] Strongly threatening ...d4!} 35. h3 Rxg2+ 36. Kxg2 d4+ $1 37. Kh2 Qxe5+ 38. f4 Qxe3 39. Qxe3 dxe3 $14 {[%mdl 4096] Endgame KRR-KRB} 40. Kg3 (40. Re1 $14) 40... Bb5 $1 $11 {The position is equal.} 41. Ra8 {[%cal Ra8f8]} Kg8 42. Rxf8+ Kxf8 43. Ra7 c6 44. Rc7 {[%mdl 1024] White has compensation.} e2 45. Kf2 Kg8 46. f5 Bd3 {Weighted Error Value: White=0.06 (flawless) /Black=0.05 (flawless)} 1/2-1/2

[Event "35th Cannes FIJ Open 2022"]
[Site "Cannes"]
[Date "2022.02.25"]
[Round "7.2"]
[White "Boyer, Mahel"]
[Black "Meshkovs, Nikita"]
[Result "1/2-1/2"]
[WhiteElo "2407"]
[BlackElo "2559"]
[Annotator "TA"]
[PlyCount "78"]
[EventDate "2022.02.21"]
[EventType "swiss"]
[EventCountry "FRA"]
[SourceTitle "playchess.com"]
[Source "ChessBase"]
[SourceQuality "1"]

{[%evp 15,78,35,34,11,0,6,21,35,35,33,49,0,38,62,47,48,81,37,47,27,82,30,20,4,2,0,3,0,0,0,0,0,0,0,0,0,0,0,0,0,0,0,0,-8,-3,-11,-10,-10,-6,-6,0,0,0,0,0,0,0,0,0,0,0,0,0,0,0]} 1. d4 Nf6 2. c4 e6 3. Nf3 b6 4. a3 Bb7 5. Bf4 Be7 6. Nc3 d5 7. cxd5 exd5 8. e3 O-O 9. h3 {E12: Queen's Indian: Unusual White 4th moves, 4 a3, 4 Nc3 Bb7 5 a3 and 4 Nc3 Bb7 .} c5 10. Bd3 Nc6 11. O-O {[#]} h6 $146 ({Predecessor:} 11... a6 12. Rc1 c4 13. Bb1 Na5 14. Qc2 Nb3 15. Rce1 b5 16. Ne5 g6 17. Bh6 Re8 {0-1 (39) Khropova,L (2026)-Bogumil,T (2149) Katerini 2014}) 12. dxc5 bxc5 13. Qa4 (13. Re1 $14) 13... a6 14. Rfd1 Qb6 15. Qc2 Rfd8 16. Rac1 {White is more active.} (16. Na4 $16 Qa5 17. b3) 16... c4 17. Bf5 Bc8 {[#]} (17... Bf8 $11) 18. Bxc8 (18. Rd2 $1 $16) 18... Raxc8 $11 19. e4 {The position is equal.} dxe4 20. Rxd8+ Qxd8 21. Nxe4 Nd4 $1 22. Nxd4 Qxd4 23. Re1 Qd3 24. Qxd3 cxd3 25. Nxf6+ $1 Bxf6 {[%mdl 4096] Endgame KRB-KRB} 26. Rd1 Rc4 27. Be3 Bxb2 28. Rxd3 a5 {[%cal Ba6a5,Ba5a4][%mdl 32]} 29. Rb3 Bc1 30. g3 a4 31. Rd3 {[%cal Bb3d3,Bd3d7,Bd7b7][%mdl 32]} Bb2 32. Kf1 f5 33. Ke2 Kf7 34. Rd7+ Ke6 35. Rb7 Be5 36. Rb6+ Kd5 37. Rb5+ Ke6 38. Rb6+ Kd7 39. Rb5 Ke6 {Weighted Error Value: White=0.07 (flawless) /Black=0.06 (flawless)} 1/2-1/2

[Event "35th Cannes FIJ Open 2022"]
[Site "Cannes"]
[Date "2022.02.25"]
[Round "7.3"]
[White "Roebers, Eline"]
[Black "Krzyzanowski, Marcin"]
[Result "0-1"]
[WhiteElo "2341"]
[BlackElo "2523"]
[Annotator "TA"]
[PlyCount "112"]
[EventDate "2022.02.21"]
[EventType "swiss"]
[EventCountry "FRA"]
[SourceTitle "playchess.com"]
[Source "ChessBase"]
[SourceQuality "1"]

{[%evp 9,112,35,50,28,54,40,77,72,80,70,90,-12,-29,-20,0,0,0,-23,-14,-12,68,68,76,0,0,0,0,0,0,0,0,0,0,0,14,36,19,13,10,19,17,15,15,8,8,8,8,8,8,5,0,0,0,0,0,0,0,0,0,0,0,0,0,-62,0,0,0,0,0,0,0,0,0,0,0,0,0,0,7,-10,-12,-116,-135,-121,-115,-113,-113,-142,0,0,0,-883,-921,-29956,-29952,-29955,-29957,-3331,-7301,-29968,-29969,-29974,-29975,-29977,-29978]} 1. e4 d6 2. d4 Nf6 3. Nc3 g6 4. Be3 c6 5. Qd2 Nbd7 6. h4 {B07: Pirc Defence: Miscellaneous Systems.} e5 7. f3 Qa5 8. g4 {White is better.} h6 9. O-O-O b5 {[#]} 10. d5 $146 (10. a3 $16) ({Predecessor:} 10. Kb1 b4 11. Nce2 d5 12. dxe5 Nxe5 13. exd5 Qxd5 14. Nd4 Bb7 15. Nh3 a6 16. g5 hxg5 17. hxg5 {1-0 (35) Mihevc Mohr,N (2220)-Stumberger,T (1815) Ljubljana 1995}) 10... b4 $11 11. dxc6 bxc3 12. Qxc3 Qxc3 (12... Qxa2 13. Bc4 Qa4 14. cxd7+ Bxd7 15. b3 $16) 13. cxd7+ Bxd7 14. bxc3 {[%cal Bb2c3,Bc3c4,Bc4d5][%mdl 32]} a5 (14... d5 $11) 15. c4 $1 $14 Rc8 {[%cal Od6d5]} 16. Bd2 (16. Nh3 $16) 16... d5 $11 17. cxd5 Ba3+ 18. Kb1 {aiming for Bc1.} Rb8+ 19. Ka1 {Black must now prevent Bc3.} Bb2+ 20. Kb1 O-O {[%cal Bh8f8,Bf8c8,Bc8c3][%mdl 32]} 21. Bc4 Ba3+ 22. Bb3 a4 {[%mdl 64] [#] Pin} 23. Bxh6 Rfc8 {[#]} 24. Bc1 $1 Bxc1 25. Rxc1 {[%cal Ob1b2]} Rc3 {[%mdl 64] [#] Pin} (25... axb3 26. cxb3 Bb5 27. Rxc8+ Rxc8 28. Kb2 $14) 26. Kb2 $1 Rbc8 {[#]} 27. Rh2 $1 {[%cal Oc1f1]} Ne8 {[#]} (27... axb3 28. axb3) 28. Rf2 $1 axb3 29. axb3 Bb5 30. Ra1 Nd6 31. h5 Kg7 32. hxg6 Kxg6 33. Rh2 Kg5 34. Rd1 Kf4 35. Rdd2 Bf1 36. Rh6 {[#]} ({White should play} 36. Rhf2 $11 Ke3 37. Kc1) 36... Ke3 $1 37. Rhh2 $1 Ba6 38. g5 Bb5 39. Rdg2 R3c7 40. g6 (40. c4 Nxc4+ 41. bxc4 Bxc4 $17) 40... fxg6 41. Rxg6 Nb7 42. Rg3 Nd6 43. Nh3 Ra7 44. Nf2 {Threatens to win with Nd1+.} Be2 {[%cal Od6c4] To avoid Nd1+. ( -> ...Nc4+!). The board is on fire.} 45. f4+ (45. Rg6 Nc4+ $1 46. Kc3 (46. bxc4 $2 Rb8+) 46... Na5+ 47. Rc6 (47. Kb2 $2 Nc4+ 48. Kc3 Na5+ 49. Kb2 Kd2 $19) 47... Nxc6 48. dxc6 Rxc6+ 49. Kb2 Kd2 $19) (45. Ng4+ $1 $11 {remains equal.} Kf4 46. Rgh3 Bxf3 47. Nxe5 Kxe5 48. Rxf3) 45... Kd2 $17 ({Don't play} 45... Kxf4 $6 46. Rhg2 Bh5 47. Rh3 $11) 46. Rd3+ ({But not} 46. fxe5 $2 Rxc2+ 47. Kb1 Rc1+ 48. Kb2 Rca1 $1 49. Rd3+ Bxd3 $19) 46... Bxd3 {Black is much more active.} 47. Nxd3+ Ke3 48. fxe5 {[#]} Nxe4 ({Better is} 48... Nc4+ $1 $17 {[%mdl 512]} 49. Kb1 (49. bxc4 $2 Rb8+ 50. Nb4 Rxb4+ 51. Kc3 Rb8 $19) 49... Rb8 50. Rh3+ Kd4) 49. Nb4 $11 Nf2 50. Rxf2 {[%mdl 8192]} Kxf2 $19 51. e6 {[#]} Re7 $1 52. c4 Ke3 53. Kc3 Ke4 54. Nc2 Rh7 {Black mates.} 55. Na3 Rb8 56. Nb5 {[#]} Rxb5 $1 {Weighted Error Value: White=0.46/Black=0.09 (flawless)} 0-1

[Event "35th Cannes FIJ Open 2022"]
[Site "Cannes"]
[Date "2022.02.25"]
[Round "7.4"]
[White "Mathieu, Phileas"]
[Black "Maurizzi, Marc Andria"]
[Result "1/2-1/2"]
[WhiteElo "2323"]
[BlackElo "2502"]
[Annotator "TA"]
[PlyCount "84"]
[EventDate "2022.02.21"]
[EventType "swiss"]
[EventCountry "FRA"]
[SourceTitle "playchess.com"]
[Source "ChessBase"]
[SourceQuality "1"]

{[%evp 9,84,6,11,0,0,-12,13,9,0,0,0,0,0,-5,0,0,22,13,35,-5,-8,-12,-6,-14,-13,-12,-16,-11,0,-86,-80,-63,-93,-103,-52,-123,-62,-66,-56,-61,-50,-55,-54,-69,-16,-80,-91,-97,-87,-101,-35,-38,0,-11,-8,-6,-8,-6,-8,-7,-8,-9,-18,-58,0,0,0,0,0,0,0,0,0,0,0,0,0]} 1. e4 e5 2. Nf3 Nf6 3. d4 Nxe4 4. Bd3 Nc6 5. d5 Nc5 {[%cal Oe5e4]} (5... Bb4+ $2 6. c3 Nxf2 7. Kxf2 Bc5+ 8. Kf1 $16 (8. Be3 Bxe3+ 9. Kxe3 Ne7 $16)) 6. Nc3 {Prevents e4. C43: Petroff Defence: 3 d4.} Nxd3+ {[#]} 7. cxd3 $146 ({Predecessor:} 7. Qxd3 Nb4 8. Qe4 Be7 9. Nxe5 O-O 10. O-O f5 11. Qc4 d6 12. Nf3 a5 13. a3 {1-0 (44) Seba,F (2240)-Brahim,D Algiers 2000}) 7... Nb8 {[%cal Bc6b8,Bb8d7,Bd7f6][%mdl 32]} 8. Nxe5 Be7 9. O-O {[%cal Oe5f7]} O-O 10. Be3 d6 11. Nc4 Nd7 12. Rc1 Nf6 13. h3 Bf5 14. g4 Bd7 {next ...b5 is good for Black.} 15. Qf3 c6 16. Bf4 cxd5 17. Nxd5 Nxd5 18. Qxd5 Bc6 19. Qd4 (19. Qa5 $11 {remains equal.}) 19... f5 $1 $17 20. f3 {[%cal Rf4d6]} (20. Bxd6 fxg4 21. hxg4 Rf6 $17) 20... fxg4 21. fxg4 {[%cal Rf4d6]} Bf6 ({Black should play} 21... Qd7 $1 $17) 22. Qe3 {[#]} (22. Qxd6 $15 Qxd6 23. Bxd6) 22... Re8 (22... Qd7 $1 $17 {...Rae8 is the strong threat.} 23. Kh2 Rae8) 23. Qf2 $15 Bh4 {A strong pair of Bishops.} 24. Bg3 Bxg3 25. Qxg3 Qg5 26. Rc2 $1 ({Much worse is} 26. Qf2 Qd5 27. Kh2 Rf8 $19) (26. Qxd6 $2 Re2 27. Rce1 Rg2+ 28. Kh1 Rxg4+ 29. Qxc6 bxc6 $19) 26... Qd5 ({Better is} 26... Rf8 $15 27. Rxf8+ (27. Qxd6 $2 Rxf1+ 28. Kxf1 Rf8+ 29. Kg1 Qh4 $19) 27... Rxf8 28. Nxd6 (28. Qxd6 $2 Qh4 $19) 28... Qd5) 27. Kh2 (27. Nxd6 $11 {keeps the balance.} Qh1+ 28. Kf2 Rf8+ 29. Nf5) 27... Rf8 $17 28. Rcf2 Rxf2+ 29. Qxf2 {[#]} h6 ({Black should try} 29... Re8 $1 $17 {White must now prevent ...h6.} 30. Na5 Bd7) 30. Ne3 $1 $15 Qxd3 {And now ...Re8 would win.} 31. Nf5 Re8 {Hoping for ...Re2.} 32. Nxh6+ $1 Kh7 {( -> ...Re2)} (32... gxh6 $5 33. Qf7+ Kh8 34. Qf6+ Kh7 35. Qf7+ Kh8 36. Qf6+ Kh7 37. Qf7+ Kh8 $11) 33. Qf5+ Qxf5 34. Nxf5 $11 {[%mdl 4096] Endgame KRB-KRN} Re2+ 35. Kg3 Rxb2 36. Re1 g5 (36... Rxa2 $15 37. Re7 Kg6 38. Rxg7+ Kf6) 37. h4 $1 {The position is equal.} gxh4+ (37... Rxa2 $2 38. Re7+ Kh8 39. hxg5 Rg2+ 40. Kh3 $16) 38. Kxh4 Kg6 39. Nxd6 Rh2+ 40. Kg3 Rxa2 41. Re6+ Kg7 42. Nxb7 Bxb7 {Weighted Error Value: White=0.14 (very precise) /Black=0.13 (very precise)} 1/2-1/2

[Event "35th Cannes FIJ Open 2022"]
[Site "Cannes"]
[Date "2022.02.25"]
[Round "7.5"]
[White "Dimitrov, Radoslav"]
[Black "Materia, Marco"]
[Result "1/2-1/2"]
[WhiteElo "2487"]
[BlackElo "2391"]
[Annotator "TA"]
[PlyCount "215"]
[EventDate "2022.02.21"]
[EventType "swiss"]
[EventCountry "FRA"]
[SourceTitle "playchess.com"]
[Source "ChessBase"]
[SourceQuality "1"]

{[%evp 9,214,0,25,22,25,24,24,25,27,19,25,0,0,0,0,0,0,0,0,0,0,0,0,0,35,40,35,45,71,77,88,0,87,79,86,94,82,19,19,18,60,53,64,44,58,52,53,51,64,39,47,35,76,76,101,100,101,35,35,35,35,35,37,26,27,33,46,19,19,19,19,0,0,0,0,0,0,0,0,0,0,0,0,0,0,0,0,6,8,0,6,0,8,0,0,0,0,0,0,0,0,0,0,0,0,0,0,0,0,0,0,0,0,0,0,0,0,0,0,0,0,0,0,0,0,0,0,0,0,0,0,0,0,0,0,0,0,0,0,0,0,0,0,0,0,0,0,0,0,0,0,0,0,0,0,0,0,0,0,0,0,0,0,0,0,0,0,0,0,0,0,0,0,0,0,0,0,0,0,0,0,0,0,0,0,0,-28000,-28000,-28000,-28000,-28000,-28000,-28000,-28000,-28000,-28000,-28000,-28000,-28000,-28000,-28000,-28000,-28000,-28000,-28000,-28000,-28000]} 1. d4 Nf6 2. Bg5 d5 3. Bxf6 gxf6 4. c4 e5 5. e3 dxc4 6. Bxc4 {next Qh5 is good for White. D00: 1 d4 d5: Unusual lines.} exd4 7. exd4 Nc6 8. Ne2 {White has an edge.} Bg7 9. Nbc3 f5 {[%cal Rc6d4] [#]} 10. Bb5 $146 ({Predecessor:} 10. Qd3 O-O 11. Rd1 Qg5 12. h4 Qxg2 13. Rg1 Qh2 14. Qe3 Qxh4 15. Kd2 Be6 16. d5 {½-½ (37) Blevins,J-Verheij,W ICCF email 2020}) 10... O-O {[%cal Rc6d4]} 11. Bxc6 bxc6 12. O-O Qd6 13. Qc2 Rb8 14. Rad1 Re8 15. g3 Ba6 16. Rfe1 Re6 17. Nf4 $1 Rxe1+ 18. Rxe1 Qxd4 19. Qxf5 h6 20. Ne4 (20. Nh5 $16) 20... Qe5 (20... Rxb2 {[#] leads to mate.} 21. Nf6+ $1 {[%mdl 512]} Qxf6 22. Re8+ Bf8 23. Qxf6 Rb1+ 24. Kg2) (20... Qxb2 21. Nh5 Qd4 22. Qg4 $16) (20... Qb4 $1 $11 21. Rb1 Re8 22. Nf6+ Bxf6 23. Qxf6 Re1+ 24. Rxe1 Qxe1+ 25. Kg2 Qf1+ 26. Kf3 Qd1+ 27. Ke3 Qe1+ 28. Kf3 Qd1+ 29. Ke3 Qe1+ 30. Kf3 Qd1+) 21. Qxe5 $16 {White is more active.} Bxe5 {A strong pair of Bishops.} 22. Nc5 {[%csl LRa6,LRe5]} Bxf4 23. gxf4 {[%mdl 4096] Endgame KRB-KRN} ({White should play} 23. Nxa6 $16 Rb6 24. Nc5 (24. gxf4 Rxa6 25. a3 c5 $11)) 23... Bc4 $11 24. b3 Bd5 (24... Rb5 $1 $11) 25. Na6 $1 $14 {[%csl LRb8,LRc7]} Rc8 26. Re5 Kf8 27. Kf1 Rd8 28. Ke2 {Inhibits Bf3+.} ({Don't play} 28. Nxc7 Bf3 $11) 28... Rd7 29. f3 f6 30. Re3 Rg7 (30... Bf7 $14 {deserves consideration.}) 31. Kf2 $16 Rd7 32. Rc3 Ke7 33. Nc5 (33. Rc5 $16) 33... Rd8 $14 34. Re3+ Kf7 35. f5 a5 36. Na6 a4 37. bxa4 Bc4 38. Nxc7 Rd2+ 39. Kg3 Rxa2 40. Ne8 {[#] Threatens to win with Nd6+.} Rxa4 41. Nd6+ Kf8 42. Re8+ Kg7 43. Re7+ Kf8 44. Rh7 Bd5 45. Rxh6 Ra3 46. Rxf6+ Ke7 47. Rh6 {[%cal Od6e4]} Rxf3+ 48. Kg4 {[%cal Od6c4]} Rf1 49. Nc8+ Kf7 50. h4 c5 51. Kg5 {aiming for Rh7+.} Rg1+ 52. Kf4 c4 53. Rh7+ Kf6 54. Nb6 {[%cal Rb6d5]} Rf1+ 55. Kg4 {[%cal Rb6d7]} Bf3+ 56. Kg3 c3 57. Rc7 Be4 {Strongly threatening ...c2.} 58. Rxc3 Kxf5 59. Rc5+ Ke6 60. Nc4 {Re5+ is the strong threat.} Rf5 {Prevents Re5+.} 61. Rc8 {Hoping for Re8+.} Bd3 62. Ne3 Ra5 63. Rc6+ Kf7 64. Kf4 Ra4+ 65. Kg5 Ra5+ 66. Kf4 Ra4+ 67. Kg3 Ra5 68. Rc3 Be2 69. Kf4 Kf6 70. Rc6+ Kf7 71. Nf5 Bd3 72. Nh6+ Kg7 73. Ng4 Ra4+ 74. Kg3 Be2 75. Ne3 Ra5 76. Rc2 Bd3 77. Rd2 Bg6 78. Rd7+ Kf6 79. Ng4+ Ke6 80. Rb7 Bh5 81. Rb6+ Kf7 82. Ne3 Be2 83. Rd6 Ke7 84. Rd2 Bh5 85. Kf4 Ke6 86. Rb2 Bg6 87. Rb4 Kf7 88. Nc4 Rf5+ 89. Kg4 {Black must now prevent Nd6+.} Kg7 90. Rb7+ Rf7 91. Rb5 Bd3 92. Rg5+ Kf8 93. Ne5 {[%csl LRd3,LRf7]} Be2+ 94. Kg3 Rg7 95. Ng6+ Kf7 96. Ne5+ Kf6 97. Ng4+ Bxg4 98. Kxg4 {Mate.} Rxg5+ 99. hxg5+ $11 {KP-K} Kg6 100. Kf4 Kg7 101. Kf5 Kf7 102. g6+ Kg7 103. Kg5 Kg8 104. Kh5 Kg7 105. Kg5 Kg8 106. Kf6 Kf8 107. g7+ Kg8 108. Kg6 {Weighted Error Value: White=0.07 (flawless) /Black=0.07 (flawless)} 1/2-1/2